<?xml version="1.0" encoding="UTF-8"?><?xml-stylesheet type="text/xsl" href="static/style.xsl"?><OAI-PMH xmlns="http://www.openarchives.org/OAI/2.0/" xmlns:xsi="http://www.w3.org/2001/XMLSchema-instance" xsi:schemaLocation="http://www.openarchives.org/OAI/2.0/ http://www.openarchives.org/OAI/2.0/OAI-PMH.xsd"><responseDate>2026-06-01T08:43:39Z</responseDate><request verb="GetRecord" identifier="oai:riuma.uma.es:10630/37924" metadataPrefix="marc">https://riuma.uma.es/rest/oai/request</request><GetRecord><record><header><identifier>oai:riuma.uma.es:10630/37924</identifier><datestamp>2026-02-03T11:13:23Z</datestamp><setSpec>com_10630_2254</setSpec><setSpec>col_10630_37953</setSpec></header><metadata><record xmlns="http://www.loc.gov/MARC21/slim" xmlns:dcterms="http://purl.org/dc/terms/" xmlns:doc="http://www.lyncode.com/xoai" xmlns:xsi="http://www.w3.org/2001/XMLSchema-instance" xsi:schemaLocation="http://www.loc.gov/MARC21/slim http://www.loc.gov/standards/marcxml/schema/MARC21slim.xsd">
   <leader>00925njm 22002777a 4500</leader>
   <datafield ind2=" " ind1=" " tag="042">
      <subfield code="a">dc</subfield>
   </datafield>
   <datafield ind2=" " ind1=" " tag="720">
      <subfield code="a">Calleja-Reina, Marina</subfield>
      <subfield code="e">author</subfield>
   </datafield>
   <datafield ind2=" " ind1=" " tag="720">
      <subfield code="a">Zurita-Díaz, Antonio Javier</subfield>
      <subfield code="e">author</subfield>
   </datafield>
   <datafield ind2=" " ind1=" " tag="720">
      <subfield code="a">Sotillo Méndez, María</subfield>
      <subfield code="e">author</subfield>
   </datafield>
   <datafield ind2=" " ind1=" " tag="260">
      <subfield code="c">2025</subfield>
   </datafield>
   <datafield ind2=" " ind1=" " tag="520">
      <subfield code="a">Antecedentes y objetivos&#xd;
Las enfermedades raras o minoritarias, con una prevalencia de 1 por cada 2,000 habitantes, a menudo pueden cursar con necesidades comunicativas complejas y discapacidad intelectual. El objetivo de este estudio es comparar los perfiles comunicativos expresivos en 2 grupos de personas con 2 diagnósticos de enfermedad minoritaria: síndrome Syngap1 y síndrome del X frágil.&#xd;
Participantes y método&#xd;
Se recopiló información de 13 participantes (7 con Syngap1: 2 niños y 5 niñas, edad media 10.27 años; 6 con X frágil: 5 niños y 1 niña, edad media 8.83 años) mediante una encuesta en línea dirigida a asociaciones de personas con enfermedades minoritarias.&#xd;
Resultados&#xd;
El grupo con X frágil obtuvo puntuaciones más altas en la mayoría de los ítems, excepto en «tono inadecuado», «estereotipias», «ecolalia demorada» y «neologismos». No se encontraron diferencias significativas en los modos o funciones comunicativas, excepto en la comunicación no verbal, donde las personas con diagnóstico de Syngap1 hicieron mayor uso de vocalizaciones y gestos. La única diferencia en las funciones comunicativas fue en la afirmación o negación, más frecuente en el grupo con X frágil.&#xd;
Conclusión&#xd;
Ambos grupos presentan necesidades complejas de comunicación, aunque el grupo con X frágil muestra una mayor habilidad en el uso del lenguaje.</subfield>
   </datafield>
   <datafield ind1="8" ind2=" " tag="024">
      <subfield code="a">Marina Calleja Reina, Antonio Javier Zurita Díaz, María Sotillo Méndez, Análisis comparativo de los modos y funciones comunicativas en personas con enfermedades minoritarias: los casos de Syngap1 y de X frágil, Revista de Logopedia, Foniatría y Audiología, Volume 45, Issue 2, 2025, 100512, ISSN 0214-4603, https://doi.org/10.1016/j.rlfa.2024.100512</subfield>
   </datafield>
   <datafield ind1="8" ind2=" " tag="024">
      <subfield code="a">https://hdl.handle.net/10630/37924</subfield>
   </datafield>
   <datafield ind1="8" ind2=" " tag="024">
      <subfield code="a">10.1016/j.rlfa.2024.100512</subfield>
   </datafield>
   <datafield tag="653" ind2=" " ind1=" ">
      <subfield code="a">Comunicación -Trastornos</subfield>
   </datafield>
   <datafield tag="653" ind2=" " ind1=" ">
      <subfield code="a">Comunicación - Aspectos psicológicos</subfield>
   </datafield>
   <datafield ind2="0" ind1="0" tag="245">
      <subfield code="a">Análisis comparativo de los modos y funciones comunicativas en personas con enfermedades minoritarias: los casos de Syngap1 y de X frágil</subfield>
   </datafield>
</record>
</metadata></record></GetRecord></OAI-PMH>